| 000 -CABECERA |
| Longitud fija campo de control |
00577nam a2200193 a 4500 |
| 001 - NÚMERO DE CONTROL |
| Número de control |
885 |
| 003 - IDENTIFICADOR DEL NÚMERO DE CONTROL |
| Identificador del número de control |
CDMR |
| 005 - FECHA Y HORA DE LA ÚLTIMA TRANSACCIÓN |
| Fecha y hora de la última transacción |
20131204103717.0 |
| 008 - CÓDIGOS DE INFORMACIÓN DE LONGITUD FIJA |
| Códigos de información de longitud fija |
130130s2002||||||||||||||||||||||||||||d |
| 020 ## - NÚMERO INTERNACIONAL NORMALIZADO PARA LIBROS |
| Número Internacional Normalizado para Libros (ISBN) |
8425336740 |
| 040 ## - FUENTE DE LA CATALOGACIÓN |
| Centro catalogador de origen |
CDMR |
| Lengua de catalogación |
cat |
| Centro transcriptor |
CDMR |
| 100 1# - PUNTO DE ACCESO PRINCIPAL-NOMBRE DE PERSONA |
| Nombre de persona |
Marinovich, Greg |
| 9 (RLIN) |
692 |
| 245 13 - MENCIÓN DE TÍTULO |
| Título |
El club del Bang Bang |
| Resto del título |
: instantáneas de una guerra encubierta |
| Mención de responsabilidad, etc. |
Greg Marinovich y João Silva ; traducción de Librada Piñero |
| 260 ## - PUBLICACIÓN, DISTRIBUCIÓN, ETC. (PIE DE IMPRENTA) |
| Lugar de publicación, distribución, etc. |
Barcelona |
| Fecha de publicación, distribución, etc. |
2002 |
| Nombre del editor, distribuidor, etc. |
Grijaldo |
| 300 ## - DESCRIPCIÓN FÍSICA |
| Extensión |
310 p. |
| 650 04 - PUNTO DE ACCESO ADICIONAL DE MATERIA - TÉRMINO DE MATERIA |
| 9 (RLIN) |
4305 |
| Término de materia o nombre geográfico como elemento inicial |
Fotògrafs |
| Subdivisión de materia general |
Biografies |
| 700 1# - PUNTO DE ACCESO ADICIONAL - NOMBRE DE PERSONA |
| 9 (RLIN) |
4438 |
| Nombre de persona |
Silva, João |
| 942 ## - ENTRADA DE ELEMENTOS AGREGADOS (KOHA) |
| Koha [por defecto] tipo de item |
Monografies |
| Fuente de clasificaión o esquema |
|